अस्त अस्मितेचा (Record no. 464148)

MARC details
000 -LEADER
fixed length control field 00506nam a2200145Ia 4500
008 - FIXED-LENGTH DATA ELEMENTS--GENERAL INFORMATION
fixed length control field 100204s9999 xx 000 0 und d
082 ## - DEWEY DECIMAL CLASSIFICATION NUMBER
Item number 19726
100 ## - MAIN ENTRY--PERSONAL NAME
Personal name पाठक सुरेश त्रं.
245 ## - TITLE STATEMENT
Title अस्त अस्मितेचा
260 ## - PUBLICATION, DISTRIBUTION, ETC. (IMPRINT)
Name of publisher, distributor, etc "अश्वमेध प्रकाशन, डोंबिवली"
Date of publication, distribution, etc 1995
300 ## - PHYSICAL DESCRIPTION
Extent 255
630 ## - SUBJECT ADDED ENTRY--UNIFORM TITLE
Uniform title अस्त अस्मितेचा
730 ## - ADDED ENTRY--UNIFORM TITLE
Uniform title अस्त अस्मितेचा
942 ## - ADDED ENTRY ELEMENTS (KOHA)
Koha item type Book
Holdings
Withdrawn status Lost status Damaged status Not for loan Home library Current library Date acquired Cost, normal purchase price Total Checkouts Full call number Barcode Date last seen Cost, replacement price Price effective from Koha item type
        N. C. Kelkar Sarvajanik Library, Mulund N. C. Kelkar Sarvajanik Library, Mulund 02/04/2010 150.00   19726 NCKMULUND-19726 02/04/2010 150.00 02/04/2010 Book